| 000 | 00606cam a22002291a 4500 | ||
|---|---|---|---|
| 001 | ca 34001517 | ||
| 003 | DLC | ||
| 005 | 20260227111134.0 | ||
| 008 | 860129s1933 ohu 000 0 eng | ||
| 010 | _aca 34001517 | ||
| 035 | _a(OCoLC)13079690 | ||
| 040 |
_aDLC _cOCoO _dOCoO _dDLC |
||
| 042 | _apremarc | ||
| 050 | 0 | 0 |
_aPS3503.R636 _bW5 1933 |
| 082 | _a811.5 | ||
| 100 | 1 | _aBrockie, John Meikle. | |
| 245 | 1 | 0 |
_aWhat's it all about / _cJohn Meikle Brockie. |
| 260 |
_aMt. Sterling, Ohio : _bThe Tribune Press, _cc1933. |
||
| 300 |
_a30 p. ; _c21 cm. |
||
| 500 | _aCover title. | ||
| 500 | _aPoems. | ||
| 999 |
_c17545 _d17545 |
||